00545nam a2200181Ia 4500003000400000005001700004008004100021020002900062040001700091082001600108100001200124245007800136260003100214300002000245500005100265650002900316700001800345IIN20250520103614.0250520s2023 xx ad 000 0 eng d a9789393885739cRs.750.00 aIINbEnglish a610.73bANB1 aAnbu, T1 aExam Booster Third Semester Basic B.Sc Nursing /cT. Anbu & G. Loganathan aBangalore :bEMMESS,c2023 avi, 478p.bill. a According to INC new syllabus 2021-22 onwards aQuestion SolvedvNursing1 aLoganathan, G